Taman bunga pelangi (Tamil)

Bibliographic Details
Main Author: Vijay, P.
Format: Book
Published: Chennai : Penerbitan Kumaran , 2002
Subjects:

MARC

LEADER 00000cam a2200000 7i4500
001 0000021740
005 20080723.0
008 080722
020 |a RM30.00 
090 0 0 |a 808.8194811   |b VIJ 
100 1 |a Vijay, P. 
245 1 0 |a Taman bunga pelangi (Tamil)   |c P.Vijay 
260 |a Chennai :   |b Penerbitan Kumaran ,   |c 2002 
650 0 |a Poetry collections 
650 0 |a Tamil poetry   |x collections 
999 |a 0001033317   |b Book   |c Tamil Collection   |e Cawangan Taman Sri Lambak 
999 |a 0001033318   |b Book   |c Tamil Collection   |e Cawangan Bandar Penawar 
999 |a 0001033319   |b Book   |c Tamil Collection   |e Perbadanan Perpustakaan Awam Johor